Score 0/15 Timer 01:00
0 Plays Today
% Correct
Lucius Malfoy
99.4%
Lavender Brown
96.1%
Kreacher
95.5%
Kingsley Shacklebolt
94.4%
Igor Karkaroff
93.9%
Lily Potter
93.3%
Lee Jordan
93.3%
Luna Lovegood
92.7%
% Correct
James Potter Sr
92.2%
Irma Pince
91.1%
Justin Finch-Fletchley
91.1%
Leanne
90.5%
John Dawlish
88.8%
Katie Bell
86%
James Sirius Potter
78.8%

You're not logged in!

Compare scores with friends on all Sporcle quizzes.
OR
Log In

Sporcle TV

Today on Sporcle TV


Watch our educational content, quiz creation guides, and fun videos on Sporcle TV.

Show Comments

Extras

Top Quizzes Today


Score Distribution

Paid Content

Your Account Isn't Verified!

In order to create a playlist on Sporcle, you need to verify the email address you used during registration. Go to your Sporcle Settings to finish the process.

Report this User

Report this user for behavior that violates our Community Guidelines.

Details: